Schaum's outline of theory & problems of statistics (Record no. 7840)

000 -LEADER
fixed length control field 00549nam a2200205 4500
001 - CONTROL NUMBER
control field 7840
003 - CONTROL NUMBER IDENTIFIER
control field BD-DhUET
008 - FIXED-LENGTH DATA ELEMENTS--GENERAL INFORMATION
fixed length control field 141213b/xxu||||| |||| 00| 0 eng d
020 ## - INTERNATIONAL STANDARD BOOK NUMBER
International Standard Book Number 070602271
040 ## - CATALOGING SOURCE
Original cataloging agency DLC
Language of cataloging DLC
Transcribing agency BD-DhUET
082 ## - DEWEY DECIMAL CLASSIFICATION NUMBER
Classification number 519.9
Item number SPI/1961
100 ## - MAIN ENTRY--PERSONAL NAME
Personal name Spiegel , Murray R
245 ## - TITLE STATEMENT
Title Schaum's outline of theory & problems of statistics
250 ## - EDITION STATEMENT
Edition statement 1st ed.
260 ## - PUBLICATION, DISTRIBUTION, ETC. (IMPRINT)
Place of publication, distribution, etc. Singapore
Name of publisher, distributor, etc. McGraw Hill
Date of publication, distribution, etc. 1961
300 ## - PHYSICAL DESCRIPTION
Extent 359 p.
Other physical details ill.
Dimensions 27 cm.
490 ## - SERIES STATEMENT
Series statement Schaum's Outline Series
650 #0 - SUBJECT ADDED ENTRY--TOPICAL TERM
Topical term or geographic name as entry element Statistical mathematics
942 ## - ADDED ENTRY ELEMENTS (KOHA)
Koha item type General Book
Holdings
Lost status Koha date last seen Source of classification or shelving scheme Koha issues (times borrowed) Piece designation (barcode) Price effective from Not for loan Location (home branch) Shelving location Sublocation or collection (holding branch) Koha date last borrowed Koha item type Koha normalized classification for sorting Date acquired Withdrawn status Copy number Koha full call number Damaged status
 2015-08-22  252192014-12-13 Central Library, BUETCirculation sectionCentral Library, BUET General Book519_900000000000000_SPI_19612014-12-13 1519.9/SPI/1961 
 2017-02-06  661842014-12-13 Central Library, BUETCirculation sectionCentral Library, BUET General Book519_900000000000000_SPI_19612014-12-13 2519.9/SPI/1961 
 2014-12-13  3452014-12-13 Central Library, BUETCirculation sectionCentral Library, BUET General Book519_900000000000000_SPI_19612014-12-13 3519.9/SPI/1961 
 2015-08-01 1564832014-12-13 Central Library, BUETCirculation sectionCentral Library, BUET2015-08-01General Book519_900000000000000_SPI_19612014-12-13 5519.9/SPI/1961 
 2014-12-13  318472014-12-13 Central Library, BUETCirculation sectionCentral Library, BUET General Book519_900000000000000_SPI_19612014-12-13 6519.9/SPI/1961 
 2014-12-13  318282014-12-13 Central Library, BUETCirculation sectionCentral Library, BUET General Book519_900000000000000_SPI_19612014-12-13 7519.9/SPI/1961 
 2014-12-13  318432014-12-13 Central Library, BUETCirculation sectionCentral Library, BUET General Book519_900000000000000_SPI_19612014-12-13 8519.9/SPI/1961